000 03791cam a2200397 4500500
005 20260405004828.0
041 _afre
042 _adc
100 1 0 _aHamdan, Sandrella
_eauthor
700 1 0 _aSmail-Faugeron, Violaine
_eauthor
700 1 0 _aCourson, Frédéric
_eauthor
245 0 0 _aDent présentant un traumatisme alvéolo-dentaire (ou un antécédent) sur dent permanente : conduite à tenir à court, moyen et long terme par l’orthodontiste
260 _c2026.
500 _a5
520 _aIntroduction : Au sein de la patientèle d’environ un tiers des orthodontistes, au moins un patient a perdu un organe dentaire à la suite du mouvement orthodontique d’une dent présentant des antécédents de traumatisme alvéolo-dentaire. Ces dents sont plus sensibles aux risques de nécrose pulpaire, d’oblitération pulpaire, de résorption avec ou sans ankylose et de perte d’os alvéolaire. Objectif : L’objectif de cet article est de fournir aux praticiens pratiquant l’orthopédie dento-faciale une lecture facilitée de la conduite à tenir lorsqu’un patient présente un traumatisme ou un antécédent. Matériels et méthode : Une analyse de la littérature et une synthèse des recommandations existantes concernant la prise en charge orthodontique de dents permanentes traumatisées ou présentant un antécédent de traumatisme ont été menées. Ce travail est une revue narrative de la littérature, les articles inclus ayant été consultés entre janvier 1990 et juin 2023. Résultats : Les complications liées à un traumatisme alvéolo-dentaire fragilisent la dent et le parodonte, influençant la planification et la mise en œuvre du traitement orthodontique. Conclusion : Connaître la traumatologie dentaire et ses conséquences possibles permet de minimiser les risques lors d’un traitement orthodontique post-traumatique.
520 _aIntroduction : In the practices of roughly one third of orthodontists, at least one patient has experienced the loss of a tooth following orthodontic movement of a tooth with a history of dentoalveolar trauma. Such teeth are more susceptible to pulp necrosis, pulp canal obliteration, resorption (with or without ankylosis), and alveolar bone loss. Objective : This article aims to provide orthodontic practitioners with a clear and accessible guide to managing patients presenting with trauma or a history thereof. Materials and Method : A literature review and a synthesis of current recommendations regarding orthodontic management of traumatized permanent teeth or those with a history of trauma were conducted. This work is a narrative review of the literature, with articles included having been consulted between January 1990 and June 2023. Results : Complications from dentoalveolar trauma weaken the tooth and the periodontium, impacting the planning and execution of orthodontic treatment. Conclusion : Knowledge of dental traumatology and its possible consequences helps minimize risks during post-traumatic orthodontic treatment.
690 _aalvéolo-dentaire
690 _aConduite à tenir
690 _aDentisterie pédiatrique
690 _aLésions dentaires
690 _aNécrose
690 _aOrthodontie
690 _aRésorption radiculaire
690 _aSoins dentaires
690 _aTraumatisme
690 _aDental care
690 _aDentoalveolar trauma
690 _aDesease management
690 _aNecrosis
690 _aOrthodontics
690 _aPediatric dentistry
690 _aRoot resorption
690 _aTooth injuries
786 0 _nL'Orthodontie Française | 96 | 4 | 2026-03-03 | p. 427-437 | 1966-5202
856 4 1 _uhttps://stm.cairn.info/revue-lorthodontie-francaise-2025-4-page-427?lang=fr&redirect-ssocas=7080
999 _c2078623
_d2078623